[Event "Omegna op 4th"]
[Site "Omegna"]
[Date "2016.08.06"]
[Round "2"]
[White "Tripodi, Enzo"]
[Black "Mantovan, Giuseppe"]
[Result "0-1"]
[WhiteElo "1896"]
[BlackElo "1824"]
[PlyCount "106"]
[EventDate "2016.08.05"]
[EventType "swiss"]
[EventRounds "5"]
[EventCountry "ITA"]
[SourceTitle "EXT 2018"]
[Source "ChessBase"]
[SourceDate "2017.10.13"]
[SourceVersion "1"]
[SourceVersionDate "2017.10.13"]
[SourceQuality "1"]

1. e4 e6 2. d4 d5 3. Nd2 dxe4 4. Nxe4 Bd7 5. Nf3 Bc6 6. Bd3 Nd7 7. c3 Ngf6 8. Nxf6+ Nxf6 9. 0-0 Bxf3 10. Qxf3 c6 11. Re1 Be7 12. Qg3 Bd6 13. Qf3 Qa5 14. Bf4 Bxf4 15. Qxf4 0-0 16. Re5 Qd8 17. Qh4 g6 18. Rae1 Nd7 19. Qxd8 Raxd8 20. R5e3 Nf6 21. Bc4 Rd6 22. f3 Rfd8 23. Kf2 Nh5 24. Re5 Nf6 25. Ra5 a6 26. Ra3 Nd7 27. Rb3 b5 28. Bf1 c5 29. Ra3 cxd4 30. cxd4 Nb8 31. Ke3 Rxd4 32. Rd3 Rxd3+ 33. Bxd3 Nc6 34. a4 Nb4 35. Rd1 bxa4 36. Rd2 Nd5+ 37. Kd4 Kf8 38. Rd1 Rb8 39. Rd2 a5 40. Kc5 Rb4 41. Bc4 Ne3 42. Bb5 Nd5 43. Bc6 Ke7 44. Bxd5 exd5 45. Kxd5 Rb3 46. h3 a3 47. bxa3 Rxa3 48. Kc4 Kf6 49. Rd5 Ra2 50. g3 h6 51. Kb3 Ra1 52. h4 Re1 53. Rxa5 Re3+ 0-1

[Event "Torino-ch sf"]
[Site "Torino"]
[Date "2016.05.23"]
[Round "4"]
[White "Mantovan, Giuseppe"]
[Black "Chiabrando, Davide"]
[Result "1-0"]
[WhiteElo "1795"]
[BlackElo "1623"]
[PlyCount "49"]
[EventDate "2016.05.02"]
[EventType "swiss"]
[EventRounds "7"]
[EventCountry "ITA"]
[SourceTitle "EXT 2018"]
[Source "ChessBase"]
[SourceDate "2017.10.13"]
[SourceVersion "1"]
[SourceVersionDate "2017.10.13"]
[SourceQuality "1"]

1. d4 d5 2. Bf4 Nf6 3. e3 e6 4. Bd3 c5 5. c3 Bd6 6. Bg3 Nc6 7. Nf3 b6 8. Ne5 Qc7 9. Bb5 Bb7 10. Qa4 Rc8 11. Nd2 0-0 12. f4 Ne7 13. Bd3 a6 14. Qd1 b5 15. Bh4 Nd7 16. Bxe7 Bxe7 17. Qh5 g6 18. Qh3 Bf6 19. 0-0 Bg7 20. Ndf3 Rfe8 21. Ng5 Nxe5 22. Qxh7+ Kf8 23. fxe5 Re7 24. Qxg6 Bc6 25. Nxe6+ 1-0

[Event "Omegna op-B 3rd"]
[Site "Omegna"]
[Date "2015.08.09"]
[Round "4"]
[White "Balducci, Alessandro"]
[Black "Mantovan, Giuseppe"]
[Result "0-1"]
[WhiteElo "1828"]
[BlackElo "1762"]
[PlyCount "122"]
[EventDate "2015.08.07"]
[EventType "swiss"]
[EventRounds "5"]
[EventCountry "ITA"]
[SourceTitle "EXT 2018"]
[Source "ChessBase"]
[SourceDate "2017.10.13"]
[SourceVersion "1"]
[SourceVersionDate "2017.10.13"]
[SourceQuality "1"]

1. c4 e5 2. Nc3 g6 3. g3 Bg7 4. Bg2 Nc6 5. e4 d6 6. d3 f5 7. Nge2 Nf6 8. 0-0 0-0 9. f4 Be6 10. Nd5 Qd7 11. Nec3 Rae8 12. fxe5 dxe5 13. Bg5 Nd8 14. Qd2 c6 15. Nxf6+ Bxf6 16. Bxf6 Rxf6 17. Rad1 Ref8 18. exf5 Bxf5 19. Qe3 Qd4 20. Qxd4 exd4 21. Ne4 Bxe4 22. Rxf6 Rxf6 23. Bxe4 Ne6 24. Kg2 a5 25. a3 Nd8 26. b4 a4 27. c5 Ne6 28. Re1 Nc7 29. Bf3 Nb5 30. Re4 Kf7 31. Bg4 Nxa3 32. Rxd4 Nc2 33. Rd7+ Kf8 34. Rxb7 a3 35. Ra7 h5 36. Bf3 Ne1+ 37. Kf2 Nxf3 38. Rxa3 Nd4+ 39. Kg2 Kg7 40. Ra8 Nc2 41. Rb8 Ne1+ 42. Kh3 Nxd3 43. Rb6 Ne5 44. Kh4 Nf3+ 45. Kh3 Nd4 46. Kh4 Kh6 47. Kh3 Kg5 48. Kg2 Kf5 49. Rb8 Ke4 50. Kh3 Kd5 51. g4 Kc4 52. gxh5 gxh5 53. Kh4 Rf5 54. h3 Nf3+ 55. Kg3 Ne1 56. Rh8 Nd3 57. Kh4 Kxb4 58. Rxh5 Rxh5+ 59. Kxh5 Nf4+ 60. Kg4 Nxh3 61. Kxh3 Kxc5 0-1

[Event "Robecchetto op-B 25th"]
[Site "Robecchetto"]
[Date "2014.12.29"]
[Round "6"]
[White "Mantovan, Giuseppe"]
[Black "Zito, Riccardo"]
[Result "1/2-1/2"]
[WhiteElo "1804"]
[BlackElo "1743"]
[PlyCount "50"]
[EventDate "2014.12.26"]
[EventType "swiss"]
[EventRounds "6"]
[EventCountry "ITA"]
[SourceTitle "EXT 2017"]
[Source "ChessBase"]
[SourceDate "2016.10.25"]
[SourceVersion "1"]
[SourceVersionDate "2016.10.25"]
[SourceQuality "1"]

1. d4 Nf6 2. c4 g6 3. Nc3 d6 4. e4 Nbd7 5. f4 c5 6. d5 Bg7 7. Nf3 Qc7 8. Bd3 a6 9. a4 Rb8 10. 0-0 0-0 11. e5 dxe5 12. fxe5 Ng4 13. d6 exd6 14. Nd5 Qd8 15. exd6 Nde5 16. Ne7+ Kh8 17. Be2 Nxf3+ 18. gxf3 Bd4+ 19. Kg2 Qxd6 20. Nxg6+ fxg6 21. fxg4 Bd7 22. Bh6 Bc6+ 23. Bf3 Bxf3+ 24. Rxf3 Rxf3 25. Qxf3 Qc6 1/2-1/2

[Event "Omegna op-A 2nd"]
[Site "Omegna"]
[Date "2014.08.10"]
[Round "5"]
[White "Balzan, Alessandro"]
[Black "Mantovan, Giuseppe"]
[Result "1-0"]
[WhiteElo "1770"]
[BlackElo "1828"]
[PlyCount "88"]
[EventDate "2014.08.08"]
[EventType "swiss"]
[EventRounds "5"]
[EventCountry "ITA"]
[SourceTitle "EXT 2024"]
[Source "ChessBase"]
[SourceDate "2023.10.10"]
[SourceVersion "1"]
[SourceVersionDate "2023.10.10"]
[SourceQuality "1"]

1. e4 e6 2. d4 d5 3. Nc3 Nf6 4. e5 Nfd7 5. f4 c5 6. Nf3 Nc6 7. Be3 a6 8. Be2 b5 9. a3 Qb6 10. Qd2 Bb7 11. dxc5 Bxc5 12. Bxc5 Qxc5 13. 0-0-0 Rc8 14. Nd4 Nxd4 15. Qxd4 0-0 16. Rhg1 Nb6 17. g4 Qxd4 18. Rxd4 f6 19. exf6 Rxf6 20. g5 Rff8 21. a4 bxa4 22. Nxa4 Nc4 23. Bg4 Rc6 24. Re1 Bc8 25. Nc3 Rd8 26. b3 Na3 27. Kb2 Nb5 28. Nxb5 axb5 29. Rb4 Rb6 30. Be2 Ba6 31. Bd3 Rdd6 32. Re5 g6 33. h4 Rb8 34. Kc3 Rf8 35. Rd4 Kf7 36. Kd2 Rb8 37. Re2 b4 38. Rh2 Bxd3 39. Kxd3 Rc6 40. Kd2 Ra6 41. h5 gxh5 42. Rxh5 Kg7 43. Rh6 Rbb6 44. Rd3 e5 1-0

[Event "Omegna op 1st"]
[Site "Omegna"]
[Date "2013.07.06"]
[Round "4"]
[White "Mantovan, Giuseppe"]
[Black "Siclari, Giovanni"]
[Result "0-1"]
[WhiteElo "1825"]
[BlackElo "2054"]
[PlyCount "64"]
[EventDate "2013.07.04"]
[EventType "swiss"]
[EventRounds "6"]
[EventCountry "ITA"]
[SourceTitle "EXT 2014"]
[Source "ChessBase"]
[SourceDate "2013.11.20"]
[SourceVersion "1"]
[SourceVersionDate "2013.11.20"]
[SourceQuality "1"]

1. d4 Nf6 2. c4 e6 3. Nc3 Bb4 4. e3 0-0 5. Nge2 d5 6. a3 Be7 7. Nf4 b6 8. cxd5 exd5 9. Bd3 Bb7 10. b4 c5 11. bxc5 bxc5 12. dxc5 Nbd7 13. Nfxd5 Nxd5 14. Nxd5 Bxd5 15. Bxh7+ Kxh7 16. Qxd5 Nf6 17. Qf3 Qd3 18. Bb2 Rfd8 19. Bd4 Bxc5 20. Rd1 Qxa3 21. 0-0 Bxd4 22. Rxd4 Rxd4 23. Qxa8 Rd7 24. Qc6 Qd6 25. Qc2+ Kg8 26. f3 Qb6 27. Qf2 Rc7 28. Qd2 Rd7 29. Qc2 g6 30. g4 Nd5 31. Qc8+ Rd8 32. Qc1 Nf4 0-1

[Event "Omegna op 1st"]
[Site "Omegna"]
[Date "2013.07.05"]
[Round "2"]
[White "Mantovan, Giuseppe"]
[Black "Medici, Simone"]
[Result "0-1"]
[WhiteElo "1825"]
[BlackElo "2109"]
[PlyCount "64"]
[EventDate "2013.07.04"]
[EventType "swiss"]
[EventRounds "6"]
[EventCountry "ITA"]
[SourceTitle "EXT 2014"]
[Source "ChessBase"]
[SourceDate "2013.11.20"]
[SourceVersion "1"]
[SourceVersionDate "2013.11.20"]
[SourceQuality "1"]

1. d4 d5 2. Nf3 Nf6 3. c4 c6 4. Nc3 g6 5. Bf4 a6 6. e3 Bg7 7. cxd5 cxd5 8. Bd3 0-0 9. h3 Nc6 10. Rc1 e6 11. 0-0 Bd7 12. Re1 b5 13. Ne5 Rc8 14. Nxc6 Bxc6 15. Qb3 Qa5 16. Bd6 Rfd8 17. Bb4 Qb6 18. Qa3 Qb7 19. Qa5 Nd7 20. a4 Ra8 21. Rc2 e5 22. Rec1 Nb6 23. b3 Rdc8 24. dxe5 Bxe5 25. Bc5 Nd7 26. Bd4 Bd6 27. Na2 Ba3 28. Rd1 bxa4 29. bxa4 Qb3 30. Qe1 Bxa4 31. Rxc8+ Rxc8 32. Nc1 Qxd1 0-1

[Event "Lesa op 1st"]
[Site "Lesa"]
[Date "2012.10.13"]
[Round "3"]
[White "Castiglioni, Fabrizio"]
[Black "Mantovan, Giuseppe"]
[Result "1-0"]
[WhiteElo "1512"]
[BlackElo "1848"]
[PlyCount "55"]
[EventDate "2012.10.12"]
[EventType "swiss"]
[EventRounds "5"]
[EventCountry "ITA"]
[SourceTitle "EXT 2015"]
[Source "ChessBase"]
[SourceDate "2014.11.20"]
[SourceVersion "1"]
[SourceVersionDate "2014.11.20"]
[SourceQuality "1"]

1. e4 e6 2. d3 d5 3. exd5 exd5 4. Nf3 Nf6 5. Bg5 Be7 6. Be2 0-0 7. Nbd2 Nbd7 8. c3 Re8 9. Qc2 Nf8 10. 0-0-0 Ng4 11. Be3 Bf6 12. Nf1 Qe7 13. Re1 Ng6 14. h3 Nxe3 15. Nxe3 Be6 16. d4 c5 17. Bb5 Rec8 18. Nxd5 Qd6 19. Nxf6+ gxf6 20. dxc5 Qxc5 21. a4 a6 22. Bd3 b5 23. h4 h5 24. Bxg6 fxg6 25. Qxg6+ Kf8 26. Qxf6+ Bf7 27. Qh8+ Bg8 28. Qh6+ 1-0

[Event "Torino Sada op"]
[Site "Torino"]
[Date "2012.10.01"]
[Round "3"]
[White "Settis, Massimo"]
[Black "Mantovan, Giuseppe"]
[Result "1-0"]
[WhiteElo "1969"]
[BlackElo "1848"]
[PlyCount "73"]
[EventDate "2012.09.17"]
[EventType "swiss"]
[EventRounds "7"]
[EventCountry "ITA"]
[SourceTitle "EXT 2018"]
[Source "ChessBase"]
[SourceDate "2017.10.13"]
[SourceVersion "1"]
[SourceVersionDate "2017.10.13"]
[SourceQuality "1"]

1. c4 e5 2. g3 Nc6 3. Nc3 g6 4. Bg2 Bg7 5. e4 d6 6. Nge2 f5 7. d3 Nf6 8. 0-0 0-0 9. Nd5 Ne7 10. Be3 c6 11. Nxf6+ Bxf6 12. d4 fxe4 13. Bxe4 Nf5 14. Bxf5 Bxf5 15. dxe5 Bxe5 16. Qd2 Bh3 17. Rfd1 Qd7 18. f4 Bg7 19. Qxd6 Qxd6 20. Rxd6 Rfe8 21. Kf2 Be6 22. Rc1 Bxb2 23. Rb1 Ba3 24. c5 Rab8 25. Bd4 Bf7 26. Rd7 b6 27. cxb6 axb6 28. Rxb6 Rxb6 29. Bxb6 c5 30. Nc3 Bb2 31. Nd5 Bd4+ 32. Kf3 h5 33. Bxc5 Bxd5+ 34. Rxd5 Re3+ 35. Kg2 Bxc5 36. Rxc5 Ra3 37. Rc2 1-0

[Event "Torino Sada op"]
[Site "Torino"]
[Date "2012.09.17"]
[Round "1"]
[White "Accattino, Gianfranco"]
[Black "Mantovan, Giuseppe"]
[Result "0-1"]
[WhiteElo "1440"]
[BlackElo "1848"]
[PlyCount "72"]
[EventDate "2012.09.17"]
[EventType "swiss"]
[EventRounds "7"]
[EventCountry "ITA"]
[SourceTitle "EXT 2018"]
[Source "ChessBase"]
[SourceDate "2017.10.13"]
[SourceVersion "1"]
[SourceVersionDate "2017.10.13"]
[SourceQuality "1"]

1. e4 e6 2. Nf3 d5 3. Nc3 Nf6 4. d3 Bb4 5. Bd2 Bxc3 6. Bxc3 dxe4 7. Bxf6 Qxf6 8. dxe4 Qxb2 9. Bd3 Qc3+ 10. Nd2 Nc6 11. 0-0 0-0 12. Nf3 Ne5 13. Qe2 b6 14. Rfd1 Bb7 15. Nxe5 Qxe5 16. Rab1 Rad8 17. Rd2 Rd6 18. Rbd1 Rfd8 19. Qe3 c5 20. f4 Qd4 21. Re2 Qxe3+ 22. Rxe3 c4 23. e5 Rd4 24. Bxh7+ Kxh7 25. Rf1 Rd2 26. Rg3 Rxc2 27. Rf2 Rxf2 28. Kxf2 Rd2+ 29. Kg1 c3 30. Rxc3 Rxg2+ 31. Kf1 Rxa2 32. h4 Be4 33. Rc7 Bg6 34. Ke1 a5 35. Rb7 Rb2 36. Kd1 a4 0-1

[Event "Torino-ch 36th"]
[Site "Torino"]
[Date "2011.11.14"]
[Round "2"]
[White "Mantovan, Giuseppe"]
[Black "Di Chiara, Mauro"]
[Result "1/2-1/2"]
[WhiteElo "1852"]
[BlackElo "1980"]
[PlyCount "99"]
[EventDate "2011.11.07"]
[EventType "swiss"]
[EventRounds "7"]
[EventCountry "ITA"]
[SourceTitle "EXT 2015"]
[Source "ChessBase"]
[SourceDate "2014.11.20"]
[SourceVersion "1"]
[SourceVersionDate "2014.11.20"]
[SourceQuality "1"]

1. d4 d6 2. c4 Nf6 3. Nc3 g6 4. e4 Bg7 5. f4 0-0 6. Nf3 c5 7. d5 e6 8. Be2 exd5 9. exd5 Bg4 10. 0-0 Nbd7 11. Bd3 Re8 12. Bd2 a6 13. a4 Nh5 14. h3 Bxf3 15. Qxf3 Qh4 16. g4 Ng3 17. Be1 Bd4+ 18. Kg2 Re3 19. Bxg3 Rxf3 20. Bxh4 Rxd3 21. Rad1 Rxd1 22. Nxd1 Re8 23. Re1 Rxe1 24. Bxe1 f5 25. Kf3 Kf7 26. Bh4 Nf6 27. Bxf6 fxg4+ 28. hxg4 Kxf6 29. Ke4 h5 30. Kf3 Ke7 31. Kg3 hxg4 32. Kxg4 Kf6 33. a5 Kf7 34. f5 Bf6 35. Nc3 Bxc3 36. bxc3 Kf6 37. fxg6 Kxg6 38. Kf4 Kf6 39. Ke4 Kg5 40. Kf3 Kf5 41. Ke3 Ke5 42. Kf3 Kf6 43. Kf4 Ke7 44. Kg5 Kd7 45. Kf4 b6 46. axb6 a5 47. Ke4 Kc8 48. Kd3 Kb7 49. Kc2 Kxb6 50. Kb3 1/2-1/2

[Event "Torino Sada op"]
[Site "Torino"]
[Date "2011.10.10"]
[Round "4"]
[White "Mantovan, Giuseppe"]
[Black "Yao, Stefano"]
[Result "0-1"]
[WhiteElo "1852"]
[BlackElo "1635"]
[PlyCount "138"]
[EventDate "2011.09.19"]
[EventType "swiss"]
[EventRounds "7"]
[EventCountry "ITA"]
[SourceTitle "EXT 2018"]
[Source "ChessBase"]
[SourceDate "2017.10.13"]
[SourceVersion "1"]
[SourceVersionDate "2017.10.13"]
[SourceQuality "1"]

1. d4 d5 2. Nf3 Nf6 3. c4 c6 4. Qc2 e6 5. Nc3 Nbd7 6. e3 Be7 7. g4 h6 8. Rg1 b6 9. cxd5 Nxd5 10. Nxd5 cxd5 11. Bd2 Bb7 12. Qa4 a5 13. Bb5 Ba6 14. Bc6 Ra7 15. Ne5 Bc8 16. Bb5 0-0 17. Nc6 Qc7 18. Nxe7+ Kh8 19. Rc1 Qxh2 20. Rf1 Qb8 21. Nxc8 Rxc8 22. Ke2 Nf6 23. Rxc8+ Qxc8 24. Rc1 Qb8 25. Qc2 Qh2 26. Qc8+ Kh7 27. Bd3+ Ne4 28. Bxe4+ dxe4 29. Be1 Qg2 30. Qb8 Qxg4+ 31. Kd2 Rd7 32. Rc8 Qg5 33. Rh8+ Kg6 34. Qg3 Rxd4+ 35. Ke2 Qxg3 36. fxg3 Rd6 37. Bc3 f6 38. Rb8 e5 39. Rc8 Kf5 40. Rc4 b5 41. Rc5 b4 42. Be1 Ra6 43. Rc4 h5 44. b3 Ra7 45. Rc2 Kg4 46. Rc4 Kf5 47. Bd2 g5 48. Be1 Rd7 49. Rc2 Rd5 50. Rc4 Rb5 51. Kf1 Rd5 52. Rc2 Kg4 53. Kg2 f5 54. Rc4 Rd3 55. Kf2 Rd5 56. Ke2 Rb5 57. Bf2 Rd5 58. Be1 Rb5 59. Bd2 Kxg3 60. Rc1 g4 61. Rf1 Kg2 62. Rf2+ Kh3 63. Rxf5 h4 64. Rf1 g3 65. Rh1+ Kg4 66. Rg1 Rb7 67. Be1 Rf7 68. Rg2 Rf3 69. Rg1 h3 0-1

[Event "Turin-ch"]
[Site "Turin"]
[Date "2009.12.04"]
[Round "5"]
[White "Mantovan, Giuseppe"]
[Black "Finocchiaro, Gianluca"]
[Result "0-1"]
[WhiteElo "1916"]
[BlackElo "2065"]
[PlyCount "73"]
[EventDate "2009.11.09"]
[EventType "swiss"]
[EventRounds "7"]
[EventCountry "ITA"]
[SourceTitle "EXT 2012"]
[Source "ChessBase"]
[SourceDate "2011.11.24"]
[SourceVersion "1"]
[SourceVersionDate "2011.11.24"]
[SourceQuality "1"]

1. d4 d5 2. Nf3 Nf6 3. c4 g6 4. Nc3 Bg7 5. cxd5 Nxd5 6. e4 Nxc3 7. bxc3 0-0 8. Bc4 c5 9. Be3 Nc6 10. 0-0 Bg4 11. e5 Qc7 12. h3 Bxf3 13. gxf3 Rad8 14. f4 cxd4 15. cxd4 Nxd4 16. Rc1 Qd7 17. Kg2 Qc6+ 18. f3 Qd7 19. Bxd4 Qxd4 20. Qxd4 Rxd4 21. Rfe1 Rxf4 22. e6 fxe6 23. Bxe6+ Kh8 24. Rf1 R4f6 25. Bd5 b6 26. Rfe1 Rd6 27. Bc4 e5 28. Rcd1 Rfd8 29. Rxd6 Rxd6 30. Re2 Bf6 31. Bb3 Kg7 32. Rc2 Rd7 33. Be6 Re7 34. Bd5 Bg5 35. Bb3 Rd7 36. Kf1 a5 37. Be6 0-1